| 000 | 00662nam a2200217Ia 4500 | ||
|---|---|---|---|
| 999 |
_c41869 _d41869 |
||
| 003 | GCL | ||
| 005 | 20240530103716.0 | ||
| 008 | 140319s9999 xx 000 0 ara d | ||
| 040 |
_aGCL / _cGCL |
||
| 082 | 0 | 4 |
_a155.4 _bم ن |
| 100 | 1 | _aمفيد نجيب حواشين | |
| 245 | 1 | 0 |
_aالنمو الانفعالى عند الاطفال / _cمفيد نجيب حواشين |
| 300 | _a176 ص | ||
| 490 |
_aكتاب _v0 |
||
| 650 | 0 | 4 | _aالاطفال - نمو |
| 650 | 0 | 4 | _aالانفعال |
| 650 | 0 | 4 | _aالاطفال - العناية الصحية |
| 650 | 0 | 4 | _aالاطفال - رعاية |
| 700 | 1 | _aزيدان نجيب حواشين | |
| 942 |
_2ddc _cBK |
||